000 00915nam a2200265Ia 4500
999 _c37023
_d37023
003 GCL
005 20240530103126.0
008 140319s9999 xx 000 0 ara d
040 _aGCL /
_cGCL
082 0 4 _a962.04
_bق/ا ق
100 1 _aالسيد حسين جلال
245 1 0 _aقناة السويس والتنافس الاستعمارى الاوربى 1904-1882 (80) /
_cالسيد حسين جلال
260 _a[S.N] :
_bالهيئة المصرية العامة للكتاب ،
_c1995
300 _a519 ص
490 _aتاريخ المصريين
_v0
650 0 4 _aالعصر الحديث
650 0 4 _aمصر
650 0 4 _aتاريخ
650 0 4 _aعباس حلمى الثانى 1914-1892
650 0 4 _aقناة السويس
650 0 4 _aالخديوى توفيق (1879 - 1892)
650 0 4 _aالاحتلال البريطانى
650 0 4 _aحرية الملاحة
942 _2ddc
_cBK